000 00647nam a2200277Ia 4500
005 20260324140231.0
008 008 260324s9999 xx 000 0 eng d
020 _a9780203031322
037 _aEBOOK
040 _aCRL
040 _beng
040 _cCRL
041 _2eng
041 _aeng
084 _qCRL
100 _aBob Franklin
_91180369
245 0 _aSocial Policy, the Media and Misrepresentation
260 _bTaylor and Francis
260 _c1999
365 _a
365 _b220
856 _uhttp://www.taylorfrancis.com/books/9780203031322
942 _cEBOOK
999 _c1805489
_d1805489